000 00292nam a22001337a 4500
008 170719b xxu||||| |||| 00| 0 eng d
020 _a9781842432372
041 _aeng
080 _a2
100 _a24
101 _aTEO
245 _aHOW TO BE A GOOD ATHEIST
_cHARDING, N
942 _2udc
_cBK
999 _c21513
_d21513